| 000 | 01029cam a2200301 a 4500 | ||
|---|---|---|---|
| 001 | 15484668 | ||
| 005 | 20170105102351.0 | ||
| 008 | 081015s2009 enka b 001 0 eng | ||
| 010 | _a 2008939459 | ||
| 020 | _a9781848600072 (cased) | ||
| 020 | _a9781848600089 (pbk.) | ||
| 040 |
_aDLC _cDLC _dDLC |
||
| 050 | 0 | 0 |
_aLB2331 _b.L49 2009 |
| 100 | 1 |
_aLight, Greg, _d1951- |
|
| 245 | 1 | 0 |
_aLearning and teaching in higher education : the reflective professional _cGreg Light, Susanna Calkins, Roy Cox. |
| 250 | _a2nd ed. | ||
| 260 |
_aLondon ; _aThousand Oaks, CA : _bSage Publications, _cc2009. |
||
| 300 |
_axviii, 341 p. : _bill. ; _c25 cm. |
||
| 504 | _aIncludes bibliographical references (p. 304-327) and index. | ||
| 650 | 0 | _aCollege teaching. | |
| 650 | 0 | _aEducation, Higher. | |
| 650 | 0 | _aReflective teaching. | |
| 700 | 1 |
_aCox, Roy, _d1932- |
|
| 700 | 1 | _aCalkins, Susanna. | |
| 906 |
_a7 _bcbc _corignew _d2 _eepcn _f20 _gy-gencatlg |
||
| 942 |
_2ddc _cBK |
||
| 999 |
_c11913 _d11913 |
||